[Event "Danish Club Cup 2021"]
[Site "Koge"]
[Date "2021.06.26"]
[Round "3.2"]
[White "Nielsen, Viktor Haarmark"]
[Black "Matthiesen, Arne"]
[Result "1/2-1/2"]
[WhiteElo "2298"]
[BlackElo "2302"]
[EventDate "2021.06.25"]
[EventType "team-tourn"]
[EventRounds "5"]
[EventCountry "DEN"]
[WhiteTeam "Obro"]
[BlackTeam "SK1968"]

1. e4 e6 2. d4 d5 3. Nc3 dxe4 4. Nxe4
Nd7 5. Nf3 Ngf6 6. Bd3 c5 7. O-O cxd4 8. Nxd4 Be7 9. Nb3 O-O 10. Qe2 Qc7 11.
Bg5 Re8 12. Bh4 Nxe4 13. Qxe4 g6 14. Bxe7 Rxe7 15. c4 Nf6 16. Qh4 Kg7 17. Be2
Bd7 18. Bf3 Rae8 19. Qd4 b6 20. c5 e5 21. Qe3 e4 22. Be2 Qe5 23. cxb6 Nd5 24.
Qd4 Nf4 25. Rfe1 Qxd4 26. Nxd4 axb6 27. Bf1 Kf6  1/2-1/2

[Event "Danish Club Cup 2021"]
[Site "Koge"]
[Date "2021.06.26"]
[Round "3.3"]
[White "Thogersen, Rasmus"]
[Black "Hansen, Soren Bech"]
[Result "0-1"]
[WhiteElo "2300"]
[BlackElo "2274"]
[EventDate "2021.06.25"]
[EventType "team-tourn"]
[EventRounds "5"]
[EventCountry "DEN"]
[WhiteTeam "SK1968"]
[BlackTeam "Obro"]

1. e4 c5 2. Nc3 a6 3. g3 b5 4.
Bg2 Bb7 5. d3 e6 6. f4 Nf6 7. Qe2 Nc6 8. Nf3 Nd4 9. Nxd4 cxd4 10. Nd1 Bb4+ 11.
c3 Bc5 12. g4 d6 13. g5 Nd7 14. cxd4 Bxd4 15. Be3 Qa5+ 16. Kf2 Qb6 17. h4 Rc8
18. Kg3 O-O 19. h5 f5 20. h6 g6 21. exf5 Bxe3 22. Nxe3 gxf5 23. g6 Rf6 24.
gxh7+ Kxh7 25. Bxb7 Qxb7 26. Kf2 Rg8 27. Rac1 Rfg6 28. Qf3 Qa7 29. Rh2 Nf6 30.
Ke2 Rg3 31. Qf2 Qxe3+ 32. Qxe3 Rxe3+ 33. Kxe3 Ng4+ 34. Kd4 Nxh2 35. Rc6 Rd8 36.
Rxa6 Ng4 37. Rb6 e5+ 38. Kd5 exf4 39. Rxb5 Kxh6 40. Ke6 Kg6 41. Ke7 Ra8 42. Rb4
Kg5 43. Kxd6 f3  0-1

[Event "Danish Club Cup 2021"]
[Site "Koge"]
[Date "2021.06.26"]
[Round "3.4"]
[White "Christensen, Janus"]
[Black "Matthiesen, Martin"]
[Result "0-1"]
[WhiteElo "2118"]
[BlackElo "2296"]
[EventDate "2021.06.25"]
[EventType "team-tourn"]
[EventRounds "5"]
[EventCountry "DEN"]
[WhiteTeam "Obro"]
[BlackTeam "SK1968"]

1. e4 c6 2. d4 d5 3. Nc3 dxe4 4.
Nxe4 Nd7 5. Bc4 Ngf6 6. Ng5 e6 7. Ne2 h6 8. Nf3 Bd6 9. Bf4 Qc7 10. Bxd6 Qxd6
11. O-O O-O 12. Re1 b6 13. c3 Bb7 14. Ng3 c5 15. Ne5 cxd4 16. cxd4 Bd5 17. Rc1
Rac8 18. b3 Rfd8 19. Bd3 Rxc1 20. Qxc1 Bb7 21. Nxd7 Rxd7 22. Rd1 Rc7 23. Qd2
Nd5 24. Ne4 Qf4 25. Qb2 Nb4 26. Bb1 f5  0-1

[Event "Danish Club Cup 2021"]
[Site "Koge"]
[Date "2021.06.26"]
[Round "3.5"]
[White "Ramsdal, Jens Albert"]
[Black "Christensen, Christian Sylvester"]
[Result "1-0"]
[WhiteElo "2263"]
[BlackElo "2111"]
[EventDate "2021.06.25"]
[EventType "team-tourn"]
[EventRounds "5"]
[EventCountry "DEN"]
[WhiteTeam "SK1968"]
[BlackTeam "Obro"]

1. d4 Nf6 2. Nf3 e6 3. c4 d5 4. g3 Bb4+ 5. Bd2 Be7 6. Bg2 c6
7. O-O dxc4 8. Qc2 b5 9. b3 cxb3 10. axb3 Bb7 11. Ba5 Qc8 12. Ne5 Nfd7 13. Nd3
c5 14. Bxb7 Qxb7 15. dxc5 Nc6 16. Bc3 O-O 17. Qb2 Bf6 18. Nd2 Bxc3 19. Qxc3 Nf6
20. b4 a5 21. bxa5 Nd5 22. Qb2 Nxa5 23. Rfb1 Rfb8 24. h4 Nf6 25. Ra2 Nc6 26.
Nc4 Rxa2 27. Qxa2 Ne4 28. Qb2 b4 29. Nce5 f6 30. Nxc6 Qxc6 31. Qd4 Nc3 32. Rb2
Qd5 33. Qxd5 Nxd5 34. e4 Nc3 35. c6 Nxe4 36. c7 Rc8 37. Rxb4 Nd6 38. Rd4 Nf7
39. Rd7 Kf8 40. Nc5 Ke8 41. f4 h5 42. Kf2 g5 43. fxg5 fxg5 44. hxg5 Ne5 45. Rg7
Nd3+ 46. Nxd3 Kf8 47. Rh7  1-0

[Event "Danish Club Cup 2021"]
[Site "Koge"]
[Date "2021.06.26"]
[Round "3.6"]
[White "Skou, Niels"]
[Black "Hansen, Lars"]
[Result "1/2-1/2"]
[WhiteElo "2039"]
[BlackElo "2191"]
[EventDate "2021.06.25"]
[EventType "team-tourn"]
[EventRounds "5"]
[EventCountry "DEN"]
[WhiteTeam "Obro"]
[BlackTeam "SK1968"]

1. d4 e6 2. c4 b6 3. Nf3 Bb7 4.
g3 Bb4+ 5. Bd2 Bxf3 6. exf3 Bxd2+ 7. Nxd2 Ne7 8. Bg2 Nbc6 9. f4 Nxd4 10. Bxa8
Qxa8 11. O-O c5 12. a4 a5 13. Ra3 O-O 14. Nf3 Nxf3+ 15. Rxf3 d5 16. Rb3 Qc6 17.
Rc3 Nf5 18. cxd5 exd5 19. b3 Re8 20. Rc1  1/2-1/2

[Event "Danish Club Cup 2021"]
[Site "Koge"]
[Date "2021.06.27"]
[Round "4.1"]
[White "Marchena Hurtado, Javier"]
[Black "Hector, Jonny"]
[Result "0-1"]
[WhiteElo "2364"]
[BlackElo "2485"]
[EventDate "2021.06.25"]
[EventType "team-tourn"]
[EventRounds "5"]
[EventCountry "DEN"]
[WhiteTeam "Obro"]
[BlackTeam "Nordkalotten"]

1. e4  Nc6  2. d4 
d5  3. Nc3  dxe4  4. d5  Ne5  5. Bf4  Ng6  6. Bg3  e5  7. dxe6  Bxe6
 8. Qxd8+  Rxd8  9. Bxc7  Rc8  10. Bb5+  Ke7  11. Bg3  f5  12. Nge2  Nf6
 13. O-O-O  Kf7  14. Nd4  Rxc3  15. bxc3  Ba3+  16. Kb1  f4  17. Nxe6 
Kxe6  18. f3  fxg3  19. hxg3  Ne5  20. Ba4  Rc8  21. Bb3+  Ke7  22. g4  h6
 23. g5  hxg5  24. fxe4  Rxc3  25. Rh8  Bd6  26. Ra8  a6  27. Kb2  Rc7
 28. a3  Nc6  29. Kb1  Be5  30. Bd5  Nd4  31.
Rd3  Nxc2  32. Bxb7  Nd4  33. Bd5  Ne2  34. Rxa6  Nc3+  35. Rxc3  Bxc3  36. Kc2  Ba1+  37. Kd3 
Rc3+  38. Ke2  Rc2+  39. Kf1  Ng4  40. Ra7+  Kd6  41. Ra6+  Ke5  42. Ra7 
Ne3+  43. Kg1  Nxd5   0-1

[Event "Danish Club Cup 2021"]
[Site "Koge"]
[Date "2021.06.27"]
[Round "4.2"]
[White "Brynell, Stellan"]
[Black "Nielsen, Viktor Haarmark"]
[Result "1-0"]
[WhiteElo "2419"]
[BlackElo "2298"]
[EventDate "2021.06.25"]
[EventType "team-tourn"]
[EventRounds "5"]
[EventCountry "DEN"]
[WhiteTeam "Nordkalotten"]
[BlackTeam "Obro"]

1. e4  c5  2. Nf3  e6  3. c3  Nf6 
4. e5  Nd5  5. d4  cxd4  6. cxd4  d6  7. Bc4  Nc6  8. O-O  Be7  9.
Qe2  O-O  10. Nc3  Nxc3  11. bxc3  dxe5  12. dxe5  Qc7  13. Re1  b6  14. Bd3  Bb7  15. Ng5 
Bxg5  16. Bxg5  Nxe5  17. Qxe5
 Qxe5  18. Rxe5  f6  19. Rxe6  fxg5  20. Bc4  Kh8  21. Re7  Rac8  22. Bb3  Ba8  23. Rxa7  Rxc3  24. h3  h5  25. Re1 
Bc6  26. Re5  Rc1+  27. Kh2  Rc5  28. Rxc5  bxc5  29. Rc7  Rf6  30. f3 
Kh7  31. Kg3  Kh6  32. Rc8  h4+  33. Kf2  Rd6  34. Ke3  Kg6  35. Rf8  Kh6
 36. Rh8+  Kg6  37. Rf8  Kh6  38. Rf5  Bd7  39. Rxc5  Be6  40. Rc2 
Bf5  41. Rd2  Rb6  42. Kd4  Kg6  43. Kc5  Rb8  44. Rd6+  Kh7  45. Rd2 
Kg6  46. Bd5  Kf6  47. a4  Bd7  48. Bc6   1-0

[Event "Danish Club Cup 2021"]
[Site "Koge"]
[Date "2021.06.27"]
[Round "4.3"]
[White "Larsen, Karsten"]
[Black "Jogstad, Martin"]
[Result "1-0"]
[WhiteElo "2244"]
[BlackElo "2334"]
[EventDate "2021.06.25"]
[EventType "team-tourn"]
[EventRounds "5"]
[EventCountry "DEN"]
[WhiteTeam "Obro"]
[BlackTeam "Nordkalotten"]

1. e4  e6  2. d3  d5  3. Nd2  Nf6
 4. Ngf3  c5  5. g3  Nc6  6. Bg2  Be7  7.
O-O  O-O  8. Re1  b5  9. e5  Nd7  10. Nf1 
Bb7  11. h4  Qc7  12. Bf4  Rfc8  13. N1h2  Qd8  14. g4  h6  15. g5  h5
 16. Nf1  g6  17. Ng3  Kg7  18. Nh2  Qh8  19.
c4  Nd4  20. cxb5  Nxb5  21. Nf3  a5  22. Be3  a4  23. a3  Kh7  24.
Bf4  Nb6  25. Be3  Qd8  26. Nd2  Kg7  27. Rc1  Rab8  28. Ndf1  Qh8 
29. Bf3  Kf8  30. Bd2  Nd4  31. Bg2  Ba6  32. Bf4  Nb3  33. Rc2  c4  34.
dxc4  Rxc4  35. Rxc4  Nxc4  36. Bc1  Nxe5  37. Bf4  Bd6  38. Ne4  Bc7  39. Nf6  Rc8  40. Rxe5 
Bxe5  41. Bxe5  Rc1  42. Qf3  Bxf1  43. Bxf1  Nd2  44. Qf4  Rxf1+  45. Kg2  Ke7  46. Nxd5+  exd5  47.
Bxh8  Rd1  48. Qe5+  Kd7  49. Qxd5+  Kc8  50. Bc3  Nf1  51. Qxd1   1-0

[Event "Danish Club Cup 2021"]
[Site "Koge"]
[Date "2021.06.27"]
[Round "4.4"]
[White "Kristensen, Kaare Hove"]
[Black "Simonsen, Carsten"]
[Result "1-0"]
[WhiteElo "2340"]
[BlackElo "2236"]
[EventDate "2021.06.25"]
[EventType "team-tourn"]
[EventRounds "5"]
[EventCountry "DEN"]
[WhiteTeam "Nordkalotten"]
[BlackTeam "Obro"]

1. Nf3  d5  2. d4  e6  3. c4  Nf6  4. Bg5  Be7  5. Nc3  h6  6. Bxf6  Bxf6  7. e3  O-O  8. Rc1  c6  9. Bd3  Nd7  10. cxd5  exd5  11. b4  b5  12.
a4  a5  13. axb5  axb4  14. bxc6  bxc3  15. cxd7  Bxd7  16. Rxc3  Qa5  17. Qd2  Be7  18. Rb3 
Qa4  19. Rb1  Rfb8  20. O-O  Bb4  21. Qc2  Qa5  22. Ne5  Ba4  23. Bh7+ 
Kf8  24. Qf5  Rb7  25. Rfc1  Rc7  26. Ng6+  Ke8  27. Qe5+  Kd8  28. Rxc7 
Qxc7  29. Qxd5+   1-0

[Event "Danish Club Cup 2021"]
[Site "Koge"]
[Date "2021.06.27"]
[Round "4.5"]
[White "Jorgensen, Brian Jorgen"]
[Black "Schmidt, Kristen"]
[Result "1/2-1/2"]
[WhiteElo "2224"]
[BlackElo "2300"]
[EventDate "2021.06.25"]
[EventType "team-tourn"]
[EventRounds "5"]
[EventCountry "DEN"]
[WhiteTeam "Obro"]
[BlackTeam "Nordkalotten"]

1. d4  Nf6  2. c4  g6 
3. f3  Bg7  4. e4  d6  5. Nc3  O-O  6. Nge2 
a6  7. Be3  c6  8. c5  dxc5  9. dxc5  e5  10.
Na4  Nbd7  11. Qd2  Re8  12. Rd1  Qe7  13. h4  Rb8  14. Ng3  Nf8  15.
h5  Be6  16. Ra1  Rbd8  17. Qc3  N6d7  18. hxg6  fxg6  19. a3  Kh8  20. Qb4  Rb8  21. Rc1  Bf7
 22. Bc4  Bxc4  23. Qxc4  Ne6  24. Ne2  Rbd8  25. Qb4  Ndf8  26. Nb6 
Qf6  27. Nc4  Re7  28. Nd6  Nd4  29. Qc4  Nfe6  30. b4  a5  31. Rb1  axb4
 32. axb4  b6  33. Kf2  Red7  34. Rbd1  bxc5  35. bxc5  Nxc5  36. Rxh7+  Kxh7  37. Rh1+  Bh6  38.
Bxh6  Qe6  39. Bg5+  Kg8  40. Nxd4  Qxc4  41. Nxc4  Rf8  42. Nxc6  Nxe4+  43. Ke3  Nxg5  44. N4xe5  Rh7  45. Rb1  Re8  46. f4
 Nf7  47. Ke4  Rh2  48. Rb2  Rh1  49. g3  Rc1
 50. Rb6  Rc3  51. g4  Rc1  52. Kf3  Re6  53.
Nxg6  Kg7  54. Nge7  Rc3+  55. Kf2  Rc2+  56. Kf3   1/2-1/2

[Event "Danish Club Cup 2021"]
[Site "Koge"]
[Date "2021.06.27"]
[Round "4.6"]
[White "Ejsing, Esben"]
[Black "Skou, Niels"]
[Result "1-0"]
[WhiteElo "2105"]
[BlackElo "2039"]
[EventDate "2021.06.25"]
[EventType "team-tourn"]
[EventRounds "5"]
[EventCountry "DEN"]
[WhiteTeam "Nordkalotten"]
[BlackTeam "Obro"]

1. c4 e5 2. Nc3 Nf6 3. Nf3 Nc6 4. d3
Be7 5. g3 d5 6. cxd5 Nxd5 7. Bg2 Nb6 8. a3 O-O 9. b4 Be6 10. O-O f6 11. Ne4 Nd4
12. Nxd4 exd4 13. Bb2 Qd7 14. Qc2 Rad8 15. Rfc1 c6 16. Nc5 Bxc5 17. bxc5 Na8
18. Qa4 Rfe8 19. Rc2 a6 20. Qb4 Bg4 21. Re1 Be6 22. Bc1 Qc8 23. Rb2 Re7 24. Bf4
Red7 25. Reb1 Nc7 26. Qxb7 Nb5 27. Qxc8 Rxc8 28. Kf1 g5 29. Bd2 Nxa3 30. Ra1
Nb5 31. Rxa6 Ra7 32. Rxa7 Nxa7 33. Rb4 Rd8 34. Bc1 Bd5 35. Bxd5+ cxd5 36. Rxd4
Rb8 37. Kg2  1-0

[Event "Danish Club Cup 2021"]
[Site "Koge"]
[Date "2021.06.27"]
[Round "4.1"]
[White "Hansen, Sune Berg"]
[Black "Thybo, Jesper Sondergaard"]
[Result "1-0"]
[WhiteElo "2533"]
[BlackElo "2573"]
[EventDate "2021.06.25"]
[EventType "team-tourn"]
[EventRounds "5"]
[EventCountry "DEN"]
[WhiteTeam "Hillerod"]
[BlackTeam "Koge"]

1. d4  Nf6  2. c4  e6  3. Nc3  Bb4  4. e3
 O-O  5. Bd3  d5  6. Nge2  c5  7. cxd5  cxd4
 8. exd4  Qxd5  9. Nf4  Qa5  10. O-O  Nc6  11. Ne4  Nxe4  12. Bxe4 
Rd8  13. a3  Bf8  14. Be3  e5  15. b4  Qc7  16. Nd5  Qd6  17. Bg5  Re8  18. Rc1  Bf5  19. Bxf5  Qxd5  20. Qg4  exd4  21. h4  a5  22. Rfd1 
axb4  23. axb4  h5  24. Qh3  Bxb4  25. Bd3  Ne5  26. Qf5  g6  27. Be4  Qb5
 28. Qf4  Bc3  29. Rb1  Qe2  30. Bd5  d3  31. Bf6  Kh7  32. Bxf7 
Nxf7  33. Bxc3  Nh6  34. Bf6   1-0

[Event "Danish Club Cup 2021"]
[Site "Koge"]
[Date "2021.06.27"]
[Round "4.2"]
[White "Rozentalis, Eduardas"]
[Black "Schandorff, Lars"]
[Result "1-0"]
[WhiteElo "2526"]
[BlackElo "2463"]
[EventDate "2021.06.25"]
[EventType "team-tourn"]
[EventRounds "5"]
[EventCountry "DEN"]
[WhiteTeam "Koge"]
[BlackTeam "Hillerod"]

1. e4  c6
 2. Nc3  d5  3. Nf3  dxe4  4. Nxe4  Nf6  5.
Qe2  Nxe4  6. Qxe4  Qa5  7. Qe3  Bf5  8. Nd4  g6  9. b3  Bg7  10. Bb2
 O-O  11. Bc3  Qd5  12. Nxf5  Qxf5  13. Bd3 
Qd7  14. h4  h5  15. O-O-O  a5  16. g4  a4 
17. b4  Qd5  18. Kb1  hxg4  19. h5  gxh5  20. Rdg1  Bxc3  21. Qh6  f5  22. dxc3  Rf6  23. Qg5+ 
Kf7  24. Rxh5  Nd7  25. Rh7+  Ke8  26. Re1  Qd6  27. Bxf5  Nf8  28. Rg7  a3
 29. Bxg4   1-0

[Event "Danish Club Cup 2021"]
[Site "Koge"]
[Date "2021.06.27"]
[Round "4.3"]
[White "Percivaldi, Martin"]
[Black "Danielsen, Henrik"]
[Result "1-0"]
[WhiteElo "2378"]
[BlackElo "2516"]
[EventDate "2021.06.25"]
[EventType "team-tourn"]
[EventRounds "5"]
[EventCountry "DEN"]
[WhiteTeam "Hillerod"]
[BlackTeam "Koge"]

1. d4  e6  2. e4  d5  3. exd5  exd5  4. Nc3 
Nc6  5. Bb5  Bb4  6. Nge2  Nge7  7. a3  Ba5  8. b4  Bb6  9. Na4  O-O  10. O-O  a6  11. Bd3  Nf5  12. c3  Nce7  13.
Qc2  h6  14. Bf4  Nd6  15. Ng3  Be6  16. Rad1 
Nc4  17. Qc1  Nd6  18. Rfe1  Nef5  19. Nc5  Bc8  20. Nxb7  Bxb7  21. Nxf5 
Nxf5  22. Bxf5  Re8  23. Rxe8+
 Qxe8  24. Bxh6  gxh6  25. Qxh6  Bc8  26. Bh7+  Kh8  27. Be4+  Kg8  28. Qh7+
 Kf8  29. Bxd5  Rb8  30. Kf1  Be6  31. Re1 
Rd8  32. Qh6+   1-0

[Event "Danish Club Cup 2021"]
[Site "Koge"]
[Date "2021.06.27"]
[Round "4.4"]
[White "Smith, Axel"]
[Black "Pedersen, Steffen"]
[Result "1/2-1/2"]
[WhiteElo "2449"]
[BlackElo "2332"]
[EventDate "2021.06.25"]
[EventType "team-tourn"]
[EventRounds "5"]
[EventCountry "DEN"]
[WhiteTeam "Koge"]
[BlackTeam "Hillerod"]

1. c4  e6  2. g3  Nf6  3. Bg2  d5  4. Nf3  c5
 5. cxd5  Nxd5  6. O-O  Nc6  7. d4  Be7  8. dxc5  Bxc5  9. a3  O-O  10. Qc2  Be7  11. Rd1  Bd7  12. e4  Nb6  13.
Nc3  Rc8  14. Bf4  Qe8  15. Qe2  Na5  16. Rd3  Na4  17. Nxa4  Bxa4 
18. b4  Nc6  19. Qd2  Rd8  20. Bf1  a6  21. Bc7  Rxd3  22. Qxd3  Qc8 
23. Bb6  Bd8  24. Bc5  Be7  25. Qc3  Qc7  26. Bd4  f6  27. Bc4  Qd7  28.
Bb6  Kh8  29. Ra2  e5  30. Rd2  Qh3  31. Bf1 
Qg4  32. Qe3  Nb8  33. h3  Qe6  34. Bc5  Rc8  35. Bxe7  Qxe7  36. Nh4 
g6  37. Qd3  Kg7  38. Nf3  Rc1  39. Qd8  Qxd8  40. Rxd8  Nd7  41. Kg2 
Kf7  42. Nd2  Ke7  43. Rg8  Kf7  44. Rd8  Ke7  45. Rg8 Kf7  1/2-1/2

[Event "Danish Club Cup 2021"]
[Site "Koge"]
[Date "2021.06.27"]
[Round "4.5"]
[White "Jaksland, Tim"]
[Black "Ahlander, Bjorn"]
[Result "0-1"]
[WhiteElo "2218"]
[BlackElo "2398"]
[EventDate "2021.06.25"]
[EventType "team-tourn"]
[EventRounds "5"]
[EventCountry "DEN"]
[WhiteTeam "Hillerod"]
[BlackTeam "Koge"]

1. e4  c5  2. c3  d5 
3. exd5  Qxd5  4. d4  Nf6  5. Nf3  e6  6. Na3  a6  7. Nc4  Nbd7  8. Be2  b5  9. Nce5  Nxe5  10. dxe5  Qxd1+  11. Bxd1 
Nd7  12. O-O  Bb7  13. Re1  h6  14. Bc2  g5  15. Be4  O-O-O  16. a4  b4  17. Bxb7+  Kxb7  18. h3  Bg7  19. a5  bxc3  20. bxc3  Kc6  21. Ba3 
Rb8  22. Rad1  Bf8  23. Nd2  Be7  24. Nc4  Rhd8  25. Rd3  Kb5  26. Re4  f5
 27. exf6  Nxf6  28. Rxd8  Bxd8  29. Nd6+  Kc6  30. Rxe6  Kd5   0-1

[Event "Danish Club Cup 2021"]
[Site "Koge"]
[Date "2021.06.27"]
[Round "4.6"]
[White "Antonsen, Mikkel"]
[Black "Nordenbaek, Jan"]
[Result "1-0"]
[WhiteElo "2397"]
[BlackElo "2201"]
[EventDate "2021.06.25"]
[EventType "team-tourn"]
[EventRounds "5"]
[EventCountry "DEN"]
[WhiteTeam "Koge"]
[BlackTeam "Hillerod"]

1. d4  Nf6  2. Nf3  d5  3. c4  e6  4. g3  Be7  5. Bg2  O-O  6. Nc3  dxc4  7. Ne5  c5  8. dxc5  Qc7  9. Nxc4 
Qxc5  10. Qb3  Nc6  11. Be3  Qf5  12. h3  Nb4  13. O-O  h5  14. Bf4  Nc6
 15. e4  Qc5  16. Qb5  Bd7  17. Qxc5  Bxc5 
18. Rfd1  Rac8  19. e5  Nd5  20. Nxd5  exd5  21. Rxd5   1-0

[Event "Danish Club Cup 2021"]
[Site "Koge"]
[Date "2021.06.27"]
[Round "4.2"]
[White "Vasli, Aref"]
[Black "Thogersen, Rasmus"]
[Result "1-0"]
[WhiteElo "2384"]
[BlackElo "2300"]
[EventDate "2021.06.25"]
[EventType "team-tourn"]
[EventRounds "5"]
[EventCountry "DEN"]
[WhiteTeam "Bronshoj"]
[BlackTeam "SK1968"]

1. Nf3  Nf6  2. g3  g6 
3. Bg2  Bg7  4. O-O  O-O  5. c4  c5  6. Nc3  d5  7. cxd5  Nxd5  8. Qb3
 Nb4  9. d3  N8c6  10. Be3  Na6  11. Ne4  b6
 12. Rac1  Bb7  13. Nxc5  Na5  14. Qb5  bxc5  15. Bd2  Rb8  16. Bxa5 
Qd6  17. Qa4  Bc6  18. Qc4  Bd5  19. Qh4  Rxb2  20. e4  Rxa2  21. Bd2  Bc6
 22. d4  Bxd4  23. Rfd1  Ba4  24. e5  Qb6  25. Qh6  f6  26. Nxd4 
cxd4  27. Bd5+  e6  28. exf6  Rxf6  29. Rc8+   1-0

[Event "Danish Club Cup 2021"]
[Site "Koge"]
[Date "2021.06.27"]
[Round "4.3"]
[White "Matthiesen, Martin"]
[Black "Hoi, Carsten"]
[Result "1-0"]
[WhiteElo "2296"]
[BlackElo "2350"]
[EventDate "2021.06.25"]
[EventType "team-tourn"]
[EventRounds "5"]
[EventCountry "DEN"]
[WhiteTeam "SK1968"]
[BlackTeam "Bronshoj"]

1. d4  Nf6
 2. c4  g6  3. Nc3  Bg7  4. e4  d6  5. Nf3  O-O  6. Be2  c5  7. O-O  Bg4  8. d5  Na6  9. Ng5  Bd7  10. Be3  h6  11. Nf3  Nc7  12.
h3  a6  13. a4  Nh7  14. Qd2  g5  15. h4  g4
 16. Ne1  e5  17. g3  Qf6  18. a5  Qg6  19.
Rb1  f5  20. Ng2  f4  21. gxf4  exf4  22. Nxf4  Qf6  23. Kg2  Qf7  24. f3
 g3  25. Qe1  Rab8  26. Qxg3  b5  27. Ng6 
Rfd8  28. e5  dxe5  29. Nxe5  Qe7  30. Bf4  Be8  31. Bd3  bxc4  32. Nxc4 
Nxd5  33. Bxb8  Nxc3  34. Bxh7+
 Kxh7  35. bxc3  Qe2+  36. Kh1  Qxc4  37. Rbd1  Rd7  38. Rfe1  Rxd1  39. Rxd1
 Qxc3  40. Re1  Bc6  41. Be5  Bxf3+  42. Kg1  Bxe5  43. Qxe5  Qd3  44. Qe7+
 Kg6  45. Re6+  Kh5  46. Qxc5+  Kg4  47. Qf2  Qf5  48. Re3  h5  49. Rb3   1-0

[Event "Danish Club Cup 2021"]
[Site "Koge"]
[Date "2021.06.27"]
[Round "4.4"]
[White "Laursen, Niels Norskov"]
[Black "Ramsdal, Jens Albert"]
[Result "0-1"]
[WhiteElo "2228"]
[BlackElo "2263"]
[EventDate "2021.06.25"]
[EventType "team-tourn"]
[EventRounds "5"]
[EventCountry "DEN"]
[WhiteTeam "Bronshoj"]
[BlackTeam "SK1968"]

1. Nf3  c5  2. e4  d6  3. d4  cxd4  4. Nxd4  Nf6  5. Nc3  Nc6  6.
Be2  g6  7. Nb3  Bg7  8. O-O  O-O  9. Re1 
Bd7  10. Bf1  a5  11. a4  Rc8  12. h3  Nb4  13. Nd4  e5  14. Ndb5  Be6
 15. Nxd6  Nxc2  16. Nxc8  Nxa1  17. Be3  Nb3  18. Nd6  Qe7  19. Bc4  Nd4
 20. Bxe6  Qxe6  21. Ndb5  Rd8  22. Qb1  Qb3  23. Rd1  Ne8  24. Rd2  Bf6
 25. Nd5  Qxa4  26. Nxd4  exd4  27. Nxf6+  Nxf6  28. Bg5  Qc6  29. e5 
Ne4  30. Rc2  Nxg5  31. Rxc6  bxc6  32. Kf1  d3  33. Ke1  Ne4  34. f3  d2+
 35. Kd1  Nf2+  36. Ke2  d1=Q+   0-1

[Event "Danish Club Cup 2021"]
[Site "Koge"]
[Date "2021.06.27"]
[Round "4.5"]
[White "Hansen, Lars"]
[Black "Meyling, Morten"]
[Result "0-1"]
[WhiteElo "2191"]
[BlackElo "2220"]
[EventDate "2021.06.25"]
[EventType "team-tourn"]
[EventRounds "5"]
[EventCountry "DEN"]
[WhiteTeam "SK1968"]
[BlackTeam "Bronshoj"]

1.
e4  c5  2. Nc3  Nc6  3. f4  e6  4. Nf3  d5  5. Bb5  Nge7  6. exd5  exd5  7. Qe2  Be6  8.
O-O  Nf5  9. d4  cxd4  10. Na4  Be7  11. g4 
Nd6  12. Bxc6+  bxc6  13. Ne5  Ne4  14. Nxc6  Qd7  15. Nxe7  Bxg4  16. Qg2 
Bh3  17. Qxg7  Kxe7  18. Qe5+  Qe6  19. Qxe6+  fxe6   0-1

[Event "Danish Club Cup 2021"]
[Site "Koge"]
[Date "2021.06.27"]
[Round "4.6"]
[White "Thuesen, Mogens Henrik"]
[Black "Hardlei, Johan"]
[Result "1-0"]
[WhiteElo "2208"]
[BlackElo "2098"]
[EventDate "2021.06.25"]
[EventType "team-tourn"]
[EventRounds "5"]
[EventCountry "DEN"]
[WhiteTeam "Bronshoj"]
[BlackTeam "SK1968"]

1. c4  g6  2. g3  Bg7  3. Bg2  c5  4. Nc3  Nc6  5. Nf3  e6  6. O-O  Nge7  7. d3  O-O  8. Bd2  b6  9. a3  Bb7  10. Rb1  d5  11. cxd5
 Nxd5  12. Qc1  Nd4  13. Nxd4  cxd4  14. Nxd5  Bxd5  15. Bxd5  Qxd5  16.
Qc4  Qxc4  17. dxc4  Rac8  18. Rfc1  Rc6  19. b3  Rd8  20. a4  d3  21.
Kf1  dxe2+  22. Kxe2  Kf8  23. a5  Bd4  24. Rd1  Ke7  25. Bb4+  Bc5  26.
Bc3  Rcd6  27. Rxd6  Rxd6  28. f3  bxa5  29. Bxa5  Ra6  30. b4  Bb6  31. c5  Bxa5  32. b5  Rb6
 33. cxb6  Bxb6  34. g4  h5  35. gxh5  gxh5 36. Kd3  Kd6  37. Rb4  Bf2  38. Rc4  Ke5  39. Ke2  Bd4
 40. Rc7  Kf6  41. Kd3  Bb6  42. Rb7  h4  43. h3  e5  44. Rb8  Kg5  45. Rg8+  Kf4  46. Ke2  f5  47. Rg6  Bd4  48. Rg8  Bb6  49. Rg6  e4
 50. fxe4  Kxe4  51. Rh6  Kf4  52. Rxh4+  Kg3  53. Rh7  f4  54. h4 
f3+  55. Kf1  Kg4  56. Rf7  Kxh4  57. Rxf3  Kg4  58. Ke2  Kg5  59. Kd3 
Kg6  60. Ke4  Kg7  61. Kd5  Kg8  62. Kc6  Kg7  63. Kb7  Bc5  64. Rf4   1-0

[Event "Danish Club Cup 2021"]
[Site "Koge"]
[Date "2021.06.27"]
[Round "5.1"]
[White "Hector, Jonny"]
[Black "Bank, Pelle Rodkjaer"]
[Result "0-1"]
[WhiteElo "2485"]
[BlackElo "2302"]
[EventDate "2021.06.25"]
[EventType "team-tourn"]
[EventRounds "5"]
[EventCountry "DEN"]
[WhiteTeam "Nordkalotten"]
[BlackTeam "SK1968"]

1. e4  g6  2.
d4  Bg7  3. f4  d5  4. e5  Nh6  5. Nf3  O-O  6. Be2  f6  7. O-O  c6  8. Nbd2  a5  9. Nh4  c5  10. c4  cxd4  11. cxd5  fxe5  12. fxe5 
Rxf1+  13. Qxf1  e6  14. Ndf3  exd5  15. Bg5  Qb6  16. Bd3  Na6  17. Re1  Nc5
 18. Kh1  Qxb2  19. Bb1  Be6  20. Re2  Qa1  21. Qc1  Nf7  22. Re1  Qc3
 23. Qd1  d3  24. Be3  b6  25. h3  Rd8  26.
Nd4  Re8  27. Nhf3  Bd7  28. Bd2  Qc4  29. Bf4  g5  30. Be3  g4  31.
Nd2  Qa4  32. N2b3  Nxe5  33. Bg1  Qc4  34. hxg4  Ne4  35. Nd2  Qa4  36. N2b3  Nxg4  37. Qf3 
Rf8   0-1

[Event "Danish Club Cup 2021"]
[Site "Koge"]
[Date "2021.06.27"]
[Round "5.2"]
[White "Matthiesen, Arne"]
[Black "Brynell, Stellan"]
[Result "1/2-1/2"]
[WhiteElo "2302"]
[BlackElo "2419"]
[EventDate "2021.06.25"]
[EventType "team-tourn"]
[EventRounds "5"]
[EventCountry "DEN"]
[WhiteTeam "SK1968"]
[BlackTeam "Nordkalotten"]

1. d4 e6 2. Nf3 Nf6 3. g3 b6 4.
Bg2 Bb7 5. O-O Be7 6. c4 O-O 7. Re1 d5 8. cxd5 exd5 9. Nc3 Na6 10. Bf4 c5 11.
Rc1 Ne4 12. dxc5 Naxc5 13. Nd4 Bf6 14. Be3 Re8 15. Nxe4 Nxe4 16. Qd3 Nc5 17.
Qd2 Ne4 18. Qd3 Nc5 19. Qd2 Ne4  1/2-1/2